banner-ar

في ماهية اللغة و فلسفة التأويل / (Record no. 62909)

MARC details
000 -الفاتح
حقل البيانات ثابتة الطول 00886nam a22002537a 4500
005 - وقت وتاريخ اخر تعامل مع التسجيلة
رقم الضبط 20240530110613.0
008 - عناصر البيانات ثابتة الطول - معلومات عامة
حقل البيانات ثابتة الطول 161120s2015 ua g|b 000 0dara d
017 ## - رقم الايداع القانونى
رقم الايداع القانونى 2015/3843
المصدر ( الهيئة المختصة) مصر . دار الكتب المصرية
020 ## - الرقم الدولى المعيارى للكتب
الرقم الدولى المعيارى للكتاب 9789774279799
040 ## - مصدر الفهرسة
وكالة الفهرسة الأصلية EG-CaGPL
082 04 - رقم تصنيف ديوى العشرى
رقم الطبعة 21
رقم التصنيف 121.686\
رقم المادة س ف
100 0# - المدخل الرئيسى - إسم شخصى
الإسم الشخصى سعيد توفيق
245 13 - بيان العنوان
العنوان في ماهية اللغة و فلسفة التأويل /
بيان المسئوليه,etc سعيد توفيق
250 ## - بيان الطبعة
بيان الطبعة ط. 1
بقية بيان الطبعة طبعة منقحة
260 ## - PUBLICATION, DISTRIBUTION, ETC. (IMPRINT)
تاريخ النشر أو التوزيع 2015 .
300 ## - الوصف المادى
التعداد 157 ص. ؛
أبعاد الوعاء 20 سم.
504 ## - تبصرة ببليوجرافية
تبصرة ببليوجرافية,الخ ببليوجرافية : ص 145 - 152
600 1# - المدخل الاضافى بالموضوع-اسم شخصى
الإسم الشخصى هيدجر
600 1# - المدخل الاضافى بالموضوع-اسم شخصى
الإسم الشخصى جادامر
650 07 - المدخل الاضافى بالموضوع-مصطلح موضوعى
مصدر الرأس أو المصطلح qrmak
مصطلح موضوعي الفلسفة الحديثة
650 07 - المدخل الاضافى بالموضوع-مصطلح موضوعى
مصدر الرأس أو المصطلح qrmak
مصطلح موضوعي اللغة
التقسيم الفرعي العام فلسفة
942 ## - عناصر المدخل الإضافي( كوها)
مصدر التصنيف او مخطط الترفيف Dewey Decimal Classification
Koha [default] item type كتاب
260 ## - PUBLICATION, DISTRIBUTION, ETC. (IMPRINT)
-- القاهرة :
-- الدار المصرية اللبنانية ،
Holdings
حالة التراجع حالة الفقد حالة تلف ليس للاعارة المكان المؤقت الموقع الحالى موقع الترفيف تاريخ الاكتساب اجمالي اﻻعارات رقم الطلب الباركود تاريخ اخر مشاهدة تاريخ تفعيل السعر نوع وعاء كوها
        مكتبة القاهرة الكبرى مكتبة القاهرة الكبرى القاعة الرئيسية 11/24/2016   121.686\ س ف 162820 11/24/2016 11/24/2016 كتاب

Powered By

EGPV